00335nam a2200121Ia 4500008004100000100001700041245002500058260002900083300000900112650006800121942000700189999001700196190216s9999||||xx |||||||||||||| ||und|| aJohn Spencer 0aWorkers For Humanity bGeorg G Harrap& Coc1962 a128p aEnglish Stories-English Stories-English Stories-English Stories cBK c11659d11659